[Event "GER-ch U18 sf Berlin Online"]
[Site "Playchess.com INT"]
[Date "2020.05.01"]
[Round "13"]
[White "Koulouris, Fabian"]
[Black "Voth, Joshua"]
[Result "1-0"]
[WhiteElo "1620"]
[BlackElo "1515"]
[PlyCount "69"]
[EventDate "2020.05.01"]
[EventType "swiss (blitz)"]
[EventRounds "13"]
[EventCountry "GER"]
[SourceTitle "CBM 195 Extra"]
[Source "ChessBase"]
[SourceDate "2020.05.31"]
[SourceVersion "1"]
[SourceVersionDate "2020.05.31"]
[SourceQuality "1"]

1. e4 c5 2. Nf3 Nc6 3. d4 cxd4 4. Nxd4 e6 5. Nc3 d6 6. Bb5 Qb6 7. Be3 Qc7 8. 0-0 Bd7 9. Bc4 g6 10. Ndb5 Qb8 11. Qd2 a6 12. Nd4 e5 13. Nxc6 Bxc6 14. Bd5 Nf6 15. Bg5 Bg7 16. Rad1 0-0 17. Bxf6 Bxf6 18. Bxc6 bxc6 19. Qxd6 Qd8 20. Qxc6 Qe7 21. Rd7 Qe6 22. Rd6 Rac8 23. Rxe6 Rxc6 24. Rxc6 Rb8 25. Rxf6 Rxb2 26. Rxa6 Rxc2 27. Nd5 Rd2 28. Rc1 Kg7 29. h3 f5 30. Rc7+ Kh6 31. Raa7 fxe4 32. Rxh7+ Kg5 33. Ne3 Re2 34. h4+ Kf4 35. Raf7# 1-0

[Event "GER-ch U18 sf Berlin Online"]
[Site "Playchess.com INT"]
[Date "2020.05.01"]
[Round "11"]
[White "Voth, Joshua"]
[Black "Kwech, Martin"]
[Result "1-0"]
[WhiteElo "1515"]
[BlackElo "1375"]
[PlyCount "95"]
[EventDate "2020.05.01"]
[EventType "swiss (blitz)"]
[EventRounds "13"]
[EventCountry "GER"]
[SourceTitle "CBM 195 Extra"]
[Source "ChessBase"]
[SourceDate "2020.05.31"]
[SourceVersion "1"]
[SourceVersionDate "2020.05.31"]
[SourceQuality "1"]

1. d4 d5 2. c4 c6 3. Nf3 Nf6 4. Bg5 e6 5. Nc3 dxc4 6. e3 h6 7. Bxf6 Qxf6 8. Bxc4 Bb4 9. Qb3 Bxc3+ 10. Qxc3 Nd7 11. 0-0 0-0 12. Rad1 Nb6 13. h3 Nxc4 14. Qxc4 Bd7 15. Ne5 Rad8 16. Qb3 Rfe8 17. Qxb7 Qe7 18. Qxa7 f6 19. Nxd7 Rxd7 20. Qc5 Qxc5 21. dxc5 Red8 22. Rxd7 Rxd7 23. b4 Rd2 24. Ra1 Rb2 25. a4 Rxb4 26. a5 Rb8 27. a6 Ra8 28. Kf1 Kf7 29. Ke2 Ke8 30. Kd3 Kd7 31. Kc4 Kc7 32. f4 g5 33. fxg5 fxg5 34. g4 e5 35. e4 Rd8 36. Rb1 Ra8 37. Rb7+ Kc8 38. Rb6 Kc7 39. Kb4 Kc8 40. Rxc6+ Kd7 41. Rxh6 Rb8+ 42. Rb6 Ra8 43. Kb5 Kc7 44. Rb7+ Kc8 45. Kb6 Kd8 46. a7 Ke8 47. Rb8+ Rxb8+ 48. axb8Q+ 1-0